00770nam a22002657a 4500003000200000005001700002008000200019010001100021020001900032035003100051037001600082040001500098082001200113100002000125245009000145246000600235260004400241270006100285300003000346650002200376650001500398650004800413650002700461700001600488020180806144731.00 aB-9309 c00a8186030166 aB-9309, B-009310, B-009313 bCen Lib/Ret aDPLbENc0 a324.254 aJai, Janak Raj  aPolitical trends revival of two party system in india :cby janak Raj Jai, Rajiv Jai  b  bRegency Publications c1999aNew Delhi  bNew Delhi e110008a20/36, old market, west patel nagar  ax, 172p.:c21cm(Hb)bill. aPolitical Science aDemocracy  aराजनीति विज्ञान a जनतंत्र aJai, Rajiv